000 00550nam a2200205 a 4500
001 83408
003 BD-RjUL
005 20240319144712.0
008 240319r19601952enk 000 0 eng d
035 _a(BD-RjUL)83408
040 _aANL
_beng
_cANL
_dBD-RjUL
041 _aeng
082 0 4 _223
_a823.912
_bPOA 1960
100 1 _aPowell, Anthony,
_d1905-
_912209
245 1 0 _aAfternoon men /
_cAnthony Powell.
260 _aLondon :
_bHeinemann,
_cc1931, [reprinted 1960]
300 _a220 p. ;
_c19 cm.
650 _aEnglish fiction
942 _2ddc
_cBK
999 _c83408
_d83408